000 00683nam a2200229 i 4500
001 113319
003 ES-MaACL
005 20230906185838.0
007 t|
008 061121s1932 sp r ||||1| spa d
080 _a316.367.7(091)
080 _a316.367.7(0:82)
100 1 _aNin Frías, Alberto.
_985750
245 1 0 _aAlexis o El significado del temperamento urano /
_cAlberto Nin Frías.
250 _a1ª ed.
260 _aMadrid :
_bZoila Asconibar,
_c1932.
300 _a196 p. ;
_c19 cm.
650 4 _aHomosexualidad.
_913469
650 4 _aHomosexualidad-
_xEn la literatura.
_9173024
740 3 2 _aEl significado del temperamento urano.
852 _aES-MaACL
_jA-522
999 _c113319
_d113319